|
|
|
|
| LEADER |
00000cam a22000004a 4500 |
| 001 |
musev2_5262 |
| 003 |
MdBmJHUP |
| 005 |
20230905040629.0 |
| 006 |
m o d |
| 007 |
cr||||||||nn|n |
| 008 |
081215s2009 vau o 00 0 eng d |
| 010 |
|
|
|z 2008054102
|
| 020 |
|
|
|a 9780813928364
|
| 020 |
|
|
|z 9780813928227
|
| 035 |
|
|
|a (OCoLC)753976364
|
| 040 |
|
|
|a MdBmJHUP
|c MdBmJHUP
|
| 043 |
|
|
|a n-us-va
|
| 050 |
0 |
4 |
|a E445.V8
|b D87 2009
|
| 082 |
0 |
|
|a 326/.0975509034
|2 22
|
| 100 |
1 |
|
|a Dusinberre, William,
|d 1930-
|
| 245 |
1 |
0 |
|a Strategies for Survival :
|b Recollections of Bondage in Antebellum Virginia /
|c William Dusinberre.
|
| 264 |
|
1 |
|a Charlottesville :
|b University of Virginia Press,
|c 2009.
|
| 264 |
|
3 |
|a Baltimore, Md. :
|b Project MUSE,
|c 2012
|
| 264 |
|
4 |
|c ©2009.
|
| 300 |
|
|
|a 1 online resource (264 pages):
|b maps ;
|
| 336 |
|
|
|a text
|b txt
|2 rdacontent
|
| 337 |
|
|
|a computer
|b c
|2 rdamedia
|
| 338 |
|
|
|a online resource
|b cr
|2 rdacarrier
|
| 490 |
0 |
|
|a Carter G. Woodson Institute series
|
| 504 |
|
|
|a Includes bibliographical references and index.
|
| 588 |
|
|
|a Description based on print version record.
|
| 650 |
|
0 |
|a Slavery
|z Virginia
|x History
|y 19th century.
|
| 650 |
|
0 |
|a Agent (Philosophy)
|v Case studies.
|
| 650 |
|
0 |
|a African Americans
|z Virginia
|v Interviews.
|
| 650 |
|
0 |
|a Slaves
|z Virginia
|v Biography.
|
| 650 |
|
0 |
|a Slaves
|z Virginia
|x Social conditions
|y 19th century.
|
| 651 |
|
0 |
|a Virginia
|x Race relations
|x History
|y 19th century.
|
| 655 |
|
7 |
|a Electronic books.
|2 local
|
| 710 |
2 |
|
|a Project Muse.
|e distributor
|
| 830 |
|
0 |
|a Carter G. Woodson Institute series.
|
| 830 |
|
0 |
|a Book collections on Project MUSE.
|
| 856 |
4 |
0 |
|z Texto completo
|u https://projectmuse.uam.elogim.com/book/5262/
|
| 945 |
|
|
|a Project MUSE - Custom Collection
|
| 945 |
|
|
|a Project MUSE - Archive Complete Foundation
|
| 945 |
|
|
|a Project MUSE - Archive History Foundation
|